Beyond pipes & dremas: The life of vithal balkrishna gandhi (Record no. 502721)

000 -LEADER
fixed length control field 00422cam a22001337a 4500
008 - FIXED-LENGTH DATA ELEMENTS--GENERAL INFORMATION
fixed length control field 180718b2012 xxu||||| |||| 00| 0 eng d
020 ## - INTERNATIONAL STANDARD BOOK NUMBER
International Standard Book Number 9788192343600
082 ## - DEWEY DECIMAL CLASSIFICATION NUMBER
Classification number A99 G151/T31
100 ## - MAIN ENTRY--PERSONAL NAME
Personal name Tewari, leena gandhi
245 ## - TITLE STATEMENT
Title Beyond pipes & dremas: The life of vithal balkrishna gandhi
Statement of responsibility, etc. By Leena gandhi tewari
260 ## - PUBLICATION, DISTRIBUTION, ETC.
Place of publication, distribution, etc. Mumbai
Name of publisher, distributor, etc. USV limited
Date of publication, distribution, etc. 2012
300 ## - PHYSICAL DESCRIPTION
Extent 262p.
650 ## - SUBJECT ADDED ENTRY--TOPICAL TERM
Topical term or geographic name entry element Biography - Vithal Balkrishna Gandhi
Holdings
Withdrawn status Lost status Damaged status Not for loan Permanent Location Current Location Date acquired Full call number Barcode Date last seen Price effective from Koha item type
        Indian Institute of Public Administration Indian Institute of Public Administration 2018-08-04 A99 G151/T31 GR19053 2018-08-04 2018-08-04 GR

Powered by Koha